| 000 | 00670nam a2200229 i 4500 | ||
|---|---|---|---|
| 001 | 175499 | ||
| 003 | ES-MaACL | ||
| 005 | 20230906215834.0 | ||
| 007 | t| | ||
| 008 | 101102s1983 sp r ||||1| spa d | ||
| 020 | _a84-300-9116-5 | ||
| 080 | _a821.134.2-2"19" | ||
| 100 | 1 |
_aMedina Vicario, Miguel. _979757 |
|
| 245 | 1 | 0 |
_aClaves de vacío ; El camerino / _cde Miguel Medina Vicario. |
| 260 |
_a[S. l. ] : _bJulia García Verdugo, _cD. L. 1983. |
||
| 300 |
_a70 p. ; _c18 cm. |
||
| 490 | 1 |
_aLa avispa. Teatro ; _v3 |
|
| 740 | 3 | 2 | _aEl camerino. |
| 830 | 0 |
_aLa avispa. Teatro ; _v3 _9189783 |
|
| 852 |
_aES-MaACL _j2264-F-4 _xOlim P-269 |
||
| 999 |
_c175499 _d175499 |
||